ბათუმის შოთა რუსთაველის სახელმწიფო უნივერსიტეტის ბიბლიოთეკა

ტრიუმფალური თაღი : (ბიბ.ჩანაწერი № 56047)

000 -ლიდერი
ფიქსირებული სიგრძის საკონტროლო ველი 01454nam a2200289Ia 4500
001 - საკონტროლო ნომერი
საკონტროლო ველი 23147
003 - საკონტროლო ნომრის იდენტიფიკატორი
საკონტროლო ველი GE_BSU
005 - ბოლო ოპერაციის თარიღი და დრო
საკონტროლო ველი 20230718173004.0
008 - ფიქსირებული სიგრძის მონაცემთა ელემენტები - ზოგადი ინფორმაცია
ფიქსირებული სიგრძის საკონტროლო ველი 181216s1989||||ge |||||||||||||| ||geo||
040 ## - კატალოგიზაციის წყარო
Transcribing agency GE_BSU
041 ## - ენის კოდი
Language code of text/sound track or separate title geo
080 ## - უნივერსალური ათობითი კლასიფიკაციის ინდექსი
Universal Decimal Classification number 821.112.2-31 რ-41
100 ## - მთავარი ჩანაწერი - პიროვნების სახელი
Personal name რემარკი, ერიხ მარია
9 (RLIN) 19415
245 ## - ცნობა სათაურის შესახებ
Title ტრიუმფალური თაღი :
Remainder of title რომანი /
Statement of responsibility, etc ერიხ მარია რემარკი ; თარგმ. და შესავალი წერილი აკაკი გელოვანისა ; მხატვ. ნ. ნარიმანიძე ; რედ. ი. ლეჟავა.
264 ## - წარმოების, გამოცემის, დისტრიბუციის და სხვა ცნობები
გამოცემის, წარმოების, დისტრიბუციის... ადგილი თბილისი :
გამოცემის, წარმოების, დისტრიბუციის... სახელწოდება მერანი,
გამოცემის, წარმოების, დისტრიბუციის... თარიღი 1989.
300 ## - ფიზიკური აღწერა
Extent 559 გვ. ;
Dimensions 21 სმ.
490 ## - სერიის ცნობა
Series statement საზღვარგარეთული რომანი
500 ## - ზოგადი შენიშვნა
General note გაშლილი თავფურცელი ინგლისურ ენაზე
520 ## - SUMMARY, ETC.
Summary, etc გაშლ. თავფ. ინგლ. ენ.
653 ## - INDEX TERM--UNCONTROLLED
Uncontrolled term რომანი
653 ## - INDEX TERM--UNCONTROLLED
Uncontrolled term ტრიუმფალური თაღი
700 ## - ADDED ENTRY--PERSONAL NAME
Personal name გელოვანი, აკაკი
Relator term მთარგმნელი
9 (RLIN) 19416
700 ## - ADDED ENTRY--PERSONAL NAME
Personal name ნარიმანიძე, ნ.
Relator term მხატვარი
9 (RLIN) 19417
700 ## - ADDED ENTRY--PERSONAL NAME
Personal name ლეჟავა, ი.
Relator term რედაქტორი
9 (RLIN) 19418
942 ## - ADDED ENTRY ELEMENTS (KOHA)
Koha item type წიგნი
Source of classification or shelving scheme
ეგზემპლარები
ჩამოწერის სტატუსი დაკარგული ეგზემპლარის სტატუსი კლასიფიკაციის წყარო ან თაროზე გაწყობის სქემა დაზიანების სტატუსი არ გაიცემა მუდმივი მდებარეობა (დაცვის ადგილი) ამჟამინდელი ადგილსამყოფელი თაროზე განთავსების ადგილი შეძენის თარიღი ღირებულება, შესყიდვის ნორმალური ფასი სრული შენახვის შიფრი შტრიხკოდი ბოლო ოპერაციის თარიღი ეგზემპლარის მიმდევრობითი ნომერი (კეტერი?) ფასის ძალაში შესვლის თარიღი ეგზემპლარის სახეობა საჯარო შენიშვნა
          ბათუმის შოთა რუსთაველის სახელმწიფო უნივერსიტეტის მთავარი ბიბლიოთეკა ბათუმის შოთა რუსთაველის სახელმწიფო უნივერსიტეტის მთავარი ბიბლიოთეკა წიგნსაცავი 2018-12-17 10.00 821.112.2-31 რ-41 58597 2018-12-17 58597 2018-12-17 წიგნი 10.00 ₾.